000 00400nam a2200157 i 4500
001 43124
003 ES-MaACL
005 20230906160733.0
007 t|
008 030317s1969 sp ||||1| spa d
100 1 _aCerro, Eduardo.
_937567
245 1 0 _aInspiración /
_cEduardo Cerro.
260 _aMadrid :
_bCastalia,
_c1969.
300 _a69 p. ;
_c21 cm.
852 _aES-MaACL
_jC-38512
_bR.72858
999 _c43124
_d43124